02270nam a2200361 a 4500001001000000003000900010005001700019008004100036020002400077020002400101040002500125082001600150100003600166245007400202260004300276300004200319500007000361504003200431505016100463505025500624590004500879590002600924942001400950952011400964952012301078952012301201952012301324952010801447952011401555952010801669952011401777999001701891000046490DO-SdBNP20210728091326.0150819s2015 dr 000 0 spa d a9789945481600 (v.1) a9789945481686 (v.2) aDO-SdBNPbspacBNPHU axxxxbP438c1 aPérez Cruz, Domingo A.97448813aLa celestina y los dictadores dominicanos /cDomingo A. Pérez Cruz. aSanto Domingo :bSoto Castillo,c2015. a2 vs. :bil., mapas, retrs. ;c24 cm. aIncluye datos biográficos del autor en la solapa de la cubierta aBibliografía : p. 469-4750 av. 1 : La gracias y varios pensamientos -- Sátrapa Pedro Santana Familia-- Sátrapa Ulises Heureaux Level -- Sátrapa Rafael Leónidas Trujillos Molina0 av. 2 : Sátrapa Rafael Leónidas Trujillo Molina (contiación)--tBreve enfoque de los acaecidos entre enero de 1962 y mayo de 1966 --tSátrapa Joaquín Antonio Balaguer Ricardo --tSátrapa Leonel Antonio Fernández Reyna --tBibliografía. aTres ejemplares biografiado por el autor aInventariado, 2019/VM 2ddccLBS1 0010718PDaGRbGRcHDd2015-08-19iLF1l0ov. 1, e. 3p46490-30r2020-06-25w2020-06-25yLFPDZNo se presta 001054708PDaGRbGRcHDd2019-04-02iLF1l0ov. 2, e. 3p46490-60r2020-06-25w2020-06-25yLFPDZPréstamo en sala 001054708PDaGRbGRcHDd2019-04-05iLF1l0ov. 2, e. 4p46490-70r2020-06-25w2020-06-25yLFPDZPréstamo en sala 001154708PDaGRbGRcMId2019-04-05iLF1l0ov. 2, e. 5p46490-80r2020-06-25w2020-06-25yLFPDZPréstamo en sala 0010718PDaPDbPDcHDd2015-08-19iLF1l0ov. 1p46490-10r2020-06-25w2020-06-25yLFPDZNo se presta 0010718PDaPDbPDcHDd2015-08-19iLF1l0ov. 1, e. 2p46490-20r2020-06-25w2020-06-25yLFPDZNo se presta 0010718PDaPDbPDcHDd2019-04-02iLF1l0ov. 2p46490-40r2020-06-25w2020-06-25yLFPDZNo se presta 0010718PDaPDbPDcHDd2019-04-02iLF1l0ov. 2, e. 2p46490-50r2020-06-25w2020-06-25yLFPDZNo se presta c45979d45979